Obálka
Pro půjčování e-knih musíte být přihlášeni.
Jak si půjčit online?

Staré pověsti české

Uloženo v:
Hlavní autor: Jirásek, Alois, 1851-1930 (Autor)
Další autoři: Fuchs, Jan, 1930-2007 (Autor, Autor adaptace), Tokoš, Lubor, 1923-2003 (Režisér), Sklenčka, Ota, 1919-1993 (Vypravěč-komentátor), Švorcová, Jiřina, 1928-2011 (Herec)
Médium: E-audiokniha
Jazyk:Czech
Vydáno: Praha : Supraphon, c2010, p1989
Témata:
Tagy:
Žádné tagy
LEADER 02384nim a2200493 a 4500
001 313335
003 CZ PrSKC
005 20260601215740.0
007 sd fsngnnmmnee
008 100209p20101988xr nnn g ei h cze
015 |a cnb002033095 
024 1 |a 099925610623 
028 0 1 |a SU 6106-2  |b Supraphon 
040 |a ABA001  |b cze 
043 |a e-xr--- 
072 7 |a 821.162.3-3  |x Česká próza  |2 Konspekt 
080 |a 821.162.3-34  |2 MRF 
080 |a 94(437.3)  |2 MRF 
080 |a (0:82-34)  |2 MRF 
080 |a (086.76)  |2 MRF 
100 1 |a Jirásek, Alois,  |d 1851-1930  |7 jk01051816  |4 aut 
245 1 0 |a Staré pověsti české  |h [zvukový záznam] /  |c [Alois Jirásek] 
260 |a Praha :  |b Supraphon,  |c c2010, p1989 
300 |a 2 zvukové desky (76:48 ; 76:55) :  |b digital, stereo ;  |c 12 cm 
306 |a 011648  |a 011655 
500 |a Hudba z díla Antonína Dvořáka (úryvky z Legendy, op. 59 a Slovanské rapsodie As dur, č. 3, op. 45) a Bohuslava Martinů (úryvky z VI. Symfonie) 
500 |a Poznámka Jiří Tušl 
500 |a Kompaktní desky (AAD) 
505 0 0 |t O Čechovi --  |t O Krokovi a jeho dcerách --  |t O Libuši --  |t O Přemyslovi --  |t Dívčí válka --  |t Lucká válka --  |t Durynk a Neklan --  |t O Bruncvíkovi --  |t O staré Praze.  |t Karel IV. ;  |t Václav IV. ;  |t Kouzelník Žito ;  |t Zuzana v lázni ;  |t Sv. Vít ;  |t Slavná Praha 
508 |a [Rozhlasová adaptace], režie Jan Fuchs 
511 1 |a Lubor Tokoš (vypravěč), Ota Sklenčka (praotec Čech, Arnošt z Pardubic), Jiřina Švorcová (kněžna Libuše) a další 
518 |a Nahráno ve studiu Lucerna v Praze v r. 1988 
651 7 |a Česko  |7 ge128065  |x dějiny  |2 czenas 
655 7 |a české pověsti  |7 fd201456  |2 czenas 
655 7 |a kompaktní disky  |7 fd201991  |2 czenas 
700 1 |a Fuchs, Jan,  |d 1930-2007  |7 jk01032133  |4 adp  |4 drt 
700 1 |a Tokoš, Lubor,  |d 1923-2003  |7 ola200208452  |4 nrt 
700 1 |a Sklenčka, Ota,  |d 1919-1993  |7 jn20000402219  |4 act 
700 1 |a Švorcová, Jiřina,  |d 1928-2011  |7 jn20001005383  |4 act 
900 |a ABA001  |b 16 
044 |a xr 
910 |a RBIT002 
998 |d 403310  |a https://core.palmknihy.cz/api/books/403310/cover?scdig5  |b https://core.palmknihy.cz/api/books/403310/cover/400?scdig5  |c https://core.palmknihy.cz/api/books/403310/cover/50?scdig5  |e 2099-01-01  |i 099925610623  |l 9191  |q 49  |r 1  |s https://www.palmknihy.cz/kniha/403310  |t audiobook  |y 2010  |z 0 
999 |d 313333